Surface alloying by ion, electron, and laser beams : papers presented at the 1985 ASM Materials Science Seminar, 12-13 October 1985, Toronto, Ontario, Canada /

Bibliographic Details
Corporate Authors: ASM Materials Science Seminar Toronto, Ontario, American Society for Metals, American Society for Metals. Materials Science Division. Seminar Committee
Other Authors: Rehn, L. E., Picraux, S. T., 1943-, Wiedersich, H.
Format: Conference Proceeding Book
Language:English
Published: Metals Park, Ohio : ASM, [1987]
Subjects:

MARC

Tag First Indicator Second Indicator Subfields
LEADER 00000cam a2200000 a 4500
001 in00000018304
005 20151007053215.0
008 870706s1987 ohua b 10110 eng d
010 |a  86071028  
035 |a (OCoLC)16134425 
035 |9 AAB0792AM 
040 |a LHL  |c LHL  |d TXA  |d UtOrBLW 
049 |a TXAM  |c [A11050918] 
050 4 |a TA401.3  |b .A17 1985 
111 2 |a ASM Materials Science Seminar  |d (1985 :  |c Toronto, Ontario) 
245 1 0 |a Surface alloying by ion, electron, and laser beams :  |b papers presented at the 1985 ASM Materials Science Seminar, 12-13 October 1985, Toronto, Ontario, Canada /  |c sponsored by the Seminar Committee of the Materials Science Division of the American Society for Metals ; edited by L. E. Rehn, S.T. Picraux, H. Wiedersich. 
264 1 |a Metals Park, Ohio :  |b ASM,  |c [1987] 
264 4 |c ©1987 
300 |a xii, 417 pages :  |b illustrations ;  |c 24 cm. 
336 |a text  |b txt  |2 rdacontent 
337 |a unmediated  |b n  |2 rdamedia 
338 |a volume  |b nc  |2 rdacarrier 
504 |a Includes bibliographic references and index. 
650 0 |a Alloy plating  |x Congresses. 
650 0 |a Lasers  |v Congresses. 
650 0 |a Electron beams  |v Congresses. 
650 0 |a Ion bombardment  |v Congresses. 
650 0 |a Metals  |v Congresses. 
700 1 |a Rehn, L. E. 
700 1 |a Picraux, S. T.,  |d 1943- 
700 1 |a Wiedersich, H. 
710 2 |a American Society for Metals. 
710 2 |a American Society for Metals.  |b Materials Science Division.  |b Seminar Committee. 
740 0 |a Materials Science Seminar. 
999 |a MARS 
999 f f |s 7655f836-0fcd-305a-8235-b195989cc7ca  |i 2883dead-26b8-3fe9-88e5-f5c58bd453c8  |t 0 
952 f f |p ric  |a Texas A&M University  |b Rellis Campus  |c Joint Library Facility  |d Remote Storage  |t 0  |e TA401.3 .A17 1985  |h Library of Congress classification  |i unmediated -- volume  |m A14811050918 
998 f f |a TA401.3 .A17 1985  |t 0  |l Remote Storage